Elementární geometrie. 1, Planimetrie /

Uložené v:
Podrobná bibliografia
Hlavný autor: Vyšín, Jan, 1908-1983 (Author)
Médium: Kniha
Jazyk:Czech
Vydané: Praha : Přírodovědecké vydavatelství, 1952
Vydanie:1. vyd.
Edícia:Knihovna sv. 48
Témy:
ISBN: (brož.)
Fyzický popis: 266 s.
Tagy: Pridať tag
Žiadne tagy, Buďte prvý kto otaguje tento záznam!

MARC

LEADER 00000nam a2200000 a 4500
001 000008708
005 20050310100736.0
008 050310s1952 xr e 000 0 czeo
020 |a (brož.) 
040 |a SVKKK  |b slo  |c SVKKK  |e AACR2 
041 0 |a cze 
044 |a xr  |c CZ 
100 1 |a Vyšín, Jan,  |d 1908-1983  |4 aut 
245 1 0 |a Elementární geometrie.  |n 1,  |p Planimetrie /  |c Jan Vyšín 
246 3 0 |a Planimetrie 
250 |a 1. vyd. 
260 |a Praha :  |b Přírodovědecké vydavatelství,  |c 1952 
300 |a 266 s. 
440 0 |a Knihovna  |v sv. 48 
655 7 |a príručky  |2 SVKKKPH 
998 |a BK 
090 |g SCKHL  |k Sklad Pribinova 2. posch.  |a III.158906  |j 845941  |i 2720579031  |s Prezenčne